| 000 | 00597nam a22001697a 4500 | ||
|---|---|---|---|
| 003 | OSt | ||
| 005 | 20171010095528.0 | ||
| 008 | 121004t xxu||||| |||| 00| 0 eng d | ||
| 040 |
_aMMSU _cULS |
||
| 100 |
_aBacnis, Leizel V. _913119 |
||
| 245 |
_aPesticide residue analysis in selected vegetable growing areas of Santa Catalina, Ilocos Sur _cLeizel V. Bacnis |
||
| 260 | _c2008 | ||
| 300 |
_axi, 40 leaves _c28 cm. |
||
| 500 | _aThesis (BS Environmental Science) -- Mariano Marcos State University-College of Arts and Sciences, Batac City | ||
| 504 | _aBibliography: leaf 27 | ||
| 942 |
_2ddc _cREF |
||
| 999 |
_c9803 _d9803 |
||